Por el juego al atletismo : iniciación atlética para el jardín de infancia, al escuela primaria, el club y el hogar /

Guardado en:
Autor Principal: Schulz, Helmut
Formato: Libro
Publicado: Buenos Aires : Kapelusz, 1976
Series:Educación física ; 23
Materias:
Etiquetas: Agregar Etiqueta
Sin Etiquetas, Sea el primero en etiquetar este registro!
LEADER 00636nam a22001935a 4500
001 CEM.cems012268
005 20060908000000.0
008 130507s1976##################000#0#####d
003 CEMS
082 0 4 |a 371.73 
100 1 |a Schulz, Helmut 
245 1 0 |a Por el juego al atletismo :  |b iniciación atlética para el jardín de infancia, al escuela primaria, el club y el hogar /  |c Helmut Schulz 
260 |a Buenos Aires :  |b  Kapelusz,  |c 1976 
300 |a 95 p. 
490 0 |a Educación física ; 23 
653 |a Educación física 
653 |a Atletismo 
653 |a Gimnasia 
859 |a CEMS  |b BIB. CEMS - 11 de abril  |h 371.73  |i Sch83-2  |p 22845.05  |t Ej.1